000 00573cam a22002053a 4500
001 36246
003 PGUSA
005 20140828083801.0
008 110528s2011||||xxu|||||s|||||000 | eng d
040 _aPGUSA
_beng
042 _adc
100 1 _aRyan, Marah Ellis,
_d1866-1934
245 1 0 _aTold In The Hills
_h[electronic resource] /
_cMarah Ellis Ryan
260 _bProject Gutenberg,
_c2011
506 _aPublic domain in the USA.
516 _aElectronic text
830 0 _aProject Gutenberg
_v36246
856 4 0 _uhttp://www.gutenberg.org/ebooks/36246
942 _cEB
999 _c265501
_d265501